Biggest cities in Italy - Statistics

General Stats
  • This quiz has been taken 35 times
  • The average score is 20 of 30
Answer Stats
Hint Answer % Correct
2 1,366,155 Milan
100%
1 2,746,984 Rome
100%
4 856,745 Turin
97%
12 249,466 Venice
97%
8 362,353 Florence
94%
3 908,082 Naples
94%
5 625,956 Palermo
94%
6 563,947 Genoa
91%
9 315,473 Bari
89%
7 390,734 Bologna
89%
11 255,133 Verona
83%
16 198,986 Parma
80%
27 146,627 Cagliari
74%
10 297,517 Catania
74%
17 198,668 Trieste
71%
20 184,739 Modena
63%
13 216,918 Messina
60%
19 185,909 Taranto
57%
15 199,949 Brescia
51%
14 207,694 Padua
51%
26 150,630 Rimini
49%
22 168,572 Reggio Calabria
46%
29 129,384 Ferrara
43%
24 156,444 Ravenna
43%
21 172,518 Reggio Emilia
43%
28 145,447 Foggia
37%
23 162,467 Perugia
37%
18 198,326 Prato
31%
25 152,916 Livorno
26%
30 127,732 Latina
23%
No matching quizzes found
Score Distribution
Percent of People with Each Score
Percentile by Number Answered
Your Score History
You have not taken this quiz